A modern history of the Middle East and North Africa, Vol.-1 : (Record no. 21645)

MARC details
000 -LEADER
fixed length control field 00893cam a2200229u 4500
001 - CONTROL NUMBER
control field 9379967
003 - CONTROL NUMBER IDENTIFIER
control field BDDh-ASL
005 - DATE AND TIME OF LATEST TRANSACTION
control field 20231015030024.0
008 - FIXED-LENGTH DATA ELEMENTS--GENERAL INFORMATION
fixed length control field 821204s19701960xx 000 0 eng
010 ## - LIBRARY OF CONGRESS CONTROL NUMBER
LC control number sa 63000080
040 ## - CATALOGING SOURCE
Original cataloging agency DLC
Transcribing agency CarP
Modifying agency DLC
-- BDDh-ASL
050 00 - LIBRARY OF CONGRESS CALL NUMBER
Classification number DS38
Item number .I4
082 ## - DEWEY DECIMAL CLASSIFICATION NUMBER
Classification number 956
Item number IMM
100 1# - MAIN ENTRY--PERSONAL NAME
Personal name Imamuddin, S. M. [from old catalog]
245 12 - TITLE STATEMENT
Title A modern history of the Middle East and North Africa, Vol.-1 :
Remainder of title a concise modern history of the Muslim countries from Afghanistan to Morocco, covering the period from the downfall of the Abbaside (1258) to the eve of World War II (1939) and the growth of modern states in the Muslim countries /
250 ## - EDITION STATEMENT
Edition statement [1st ed.]
260 ## - PUBLICATION, DISTRIBUTION, ETC.
Place of publication, distribution, etc. Dacca:
Name of publisher, distributor, etc. Najmah Sons,
Date of publication, distribution, etc. 1960.
300 ## - PHYSICAL DESCRIPTION
Extent 358 p. :
Dimensions 22 cm.
651 #0 - SUBJECT ADDED ENTRY--GEOGRAPHIC NAME
Geographic name Islamic countries
General subdivision History.
906 ## - LOCAL DATA ELEMENT F, LDF (RLIN)
a 0
b cbc
c premunv
d u
e ncip
f 19
g y-gencatlg
942 ## - ADDED ENTRY ELEMENTS (KOHA)
Source of classification or shelving scheme Dewey Decimal Classification
Koha item type Books
Holdings
Withdrawn status Lost status Source of classification or shelving scheme Damaged status Not for loan Collection code Home library Current library Shelving location Date acquired Source of acquisition Total Checkouts Full call number Barcode Date last seen Copy number Price effective from Koha item type Public note
    Dewey Decimal Classification     Non-fiction Asiatic Society Library Asiatic Society Library General Stacks 02/08/2021 ASB Library Collections   956 IMM 105496 02/08/2021 C-1 02/08/2021 Books RARE
    Dewey Decimal Classification     Non-fiction Asiatic Society Library Asiatic Society Library General Stacks 02/08/2021 ASB Library Collections   956 IMM 105497 02/08/2021 C-2 02/08/2021 Books RARE

Powered by Koha